000 00494nam a2200181 i 4500
001 bg
100 1 _aBIELECKI, Jan
_d(?-2001).
245 0 _aSystem VSAM :
_bzasady stosowania w języku PL/I /
_cJ. Bielecki.
250 _aWyd.2.
260 _aWarszawa,
_c1987.
490 1 _aBiblioteka Inżynierii Oprogramowania
830 _aBiblioteka Inżynierii Oprogramowania
040 _cBPK
041 _apol
080 _a681.322.06
942 _cKS
008 s pl f |000 0 pol
999 _c23502
_d23502
856 _uhttp://koha.tu.koszalin.pl/cgi-bin/koha/opac-detail.pl?biblionumber=23502
_yKatalog online BPK